Statistics for Landlocked "Seas"

Click here to take the quiz!

General Stats

  • This quiz has been taken 424 times
    (352 since last reset)
  • The average score is 8 of 12

Answer Stats

AreaLandlockedLocationSea% Correct
2,500,000Except the Strait of Gibraltar and DardanellesEurope/Africa/AsiaMediterranean Sea
95%
436,402Except the BosphorusEurope/AsiaBlack Sea
94%
371,000YesEurope/AsiaCaspian Sea
94%
438,000Except the Bab-el-MandebAfrica/AsiaRed Sea
92%
377,000Except the Danish straitsEuropeBaltic Sea
86%
605YesMiddle East{Dead} Sea
75%
3,300YesCentral AsiaNorth Aral Sea
66%
3,500YesCentral AsiaSouth Aral Sea
66%
11,350Except the Dardanelles and BosphorusEurope/AsiaSea of {Marmara}
60%
39,000Except the Strait of KerchEuropeSea of {Azov}
50%
166YesMiddle EastSea of {Galilee}
41%
889YesUS{Salton} Sea
21%

Score Distribution

Percentile by Number Answered

Percent of People with Each Score

Your Score History

You have not taken this quiz since the last reset